| 000 | 00443nam a22001577a 4500 | ||
|---|---|---|---|
| 008 | 230502b |||||||| |||| 00| 0 eng d | ||
| 040 |
_aNational Science Library _cNational Science Library |
||
| 080 |
_aR 92:22/28 _bK2 |
||
| 100 | _aRaben, Charles E | ||
| 245 | _aTeilhard de Chardin scientist and seer | ||
| 260 |
_aLondon: _bSt. Jams's Place _c1962 |
||
| 300 | _a221p. | ||
| 650 | _aManagement | ||
| 653 | _aDirectory | ||
| 942 |
_2udc _cREF |
||
| 999 |
_c25767 _d25767 |
||